Learning Breakthrough 3 : Student book

Gardado en:
Detalles Bibliográficos
Formato: Libro
Idioma:Undetermined
Publicado: Cần Thơ Đại học Cần Thơ 2010
Những chủ đề:
Các nhãn: Engadir etiqueta
Sen Etiquetas, Sexa o primeiro en etiquetar este rexistro!
Thư viện lưu trữ: Trung tâm Học liệu Trường Đại học Cần Thơ
LEADER 00693nam a2200205Ia 4500
001 CTU_156772
008 210402s9999 xx 000 0 und d
020 |c 26000 
082 |a 428.24 
082 |b L438 
245 0 |a Learning Breakthrough 3 : 
245 0 |b Student book 
245 0 |c Lưu Hoàng Anh, Bùi Lan Chi, Lê Xuân Mai 
260 |a Cần Thơ 
260 |b Đại học Cần Thơ 
260 |c 2010 
650 |a English language,Tiếng Anh 
650 |x Textbooks for foreign speakers,Vietnamese,Giáo trình dành cho người nước ngoài,Người Việt 
904 |i Huỳnh Mai 
980 |a Trung tâm Học liệu Trường Đại học Cần Thơ